=LDR 00000nam 2200000 4500 =247 ##$$a =856 ##$$a =700 #$$a =650 #$$a Pembinaan Prestasi Olahraga =520 #$$a Lesson learn dalam implementasi proyek perubahan ini adalah pentingnya memahami kebutuhan stakeholder akselerasi prestasi olahraga, hal ini bisa dilakukan dengan rapat koordinasi lintas sektor untuk mendapatkan informasi dan merancang program yang relevan serta menarik. Kemudian enggagement terhadap pemangku kepentingan yang lebih aktif dan intens. Melibatkan berbagai pihak seperti pelatih, atlet, organisasi olahraga, untuk berkolaborasi hal ini akan menciptakan rasa kepemilikan dan meningkatkan dukungan terhadap akselerasi prestasi olahraga Kab. Halmahera Tengah. =321 ##$$a =310 ##$$a =300 ##$$a 10 hlm. : $b ill. ; $c 30 cm $e =260 ##$$a Jakarta : $b Pusbangkom Pimnas dan Manajerial ASN. ; $c 2024 =001 $a INLIS000000000020886 =245 ##$$a Akselerasi Pembinaan Prestasi Olahraga Kabupaten Halmahera Tengah $b $c Muksin Ibrahim =100 #$$a Muksin Ibrahim =084 ##$$a R 0164 PKN II 2024 =082 ##$$a =035 ##$$a 0010-0426000043 =020 ##$$a =008 $a 260427################g##########0#ind## =005 $a 20260427143938